| 000 | 00839nam a22001337a 4500 | ||
|---|---|---|---|
| 040 | _cRUA | ||
| 082 | _aVEM HEA 2015 B533 Or.1 | ||
| 100 | _aHEANG KIMSRUO; ហៀង គីមស្រួ | ||
| 245 | _aStudy on newcastle disease of local chicken and their antibodies by using ha and hi-test at cheung prey district, kampong cham province; សិក្សាលើជំងឺញ៉ូូវកាសរបស់មាន់ស្រុក និងអង់ទីកររបស់វាតាមរយៈ HAនិងHI-Test ស្រុកជើងព្រៃ ខេត្តកំពង់ចាម | ||
| 260 |
_aPHNOM PENH _bHEA _c2015 |
||
| 300 |
_ax;35p. _bill. _c29cm. |
||
| 856 | _uSTUDY ON NEWCASTLE DISEASE OF LOCAL CHICKEN AND THEIR ANTIBODIES BY USING HA AND HI-TEST AT CHEUNG PREY DISTRICT KAMPONG CHAM PROVINCE | ||
| 942 | _cVEM | ||
| 999 |
_c10884 _d10884 |
||